000 00269nam a22001217a 4500
008 180904b xxu||||| |||| 00| 0 eng d
041 _aeng
080 _a591
100 _a7
101 _aZOO
245 _aReproduction in Farm Animals
_cHafez, E.S.E
942 _2udc
_cBK
999 _c47526
_d47526